000 00621nam a2200217Ia 4500
003 OSt
005 20220923221846.0
006 a|||||r|||| 00| 0
007 ta
008 220922b |||||||| |||| 00| 0 hin d
024 _a200,562
037 _cTextual
040 _aARTS
_cARTS
_bhin
041 _2hin
_ahin
082 _aV2:25xM69, 152J1
100 _aनेहरू, जवाहर लाल
245 0 _aराष्ट्र्पिता
246 _aRāṣhṭrpitā
942 _hV2:25xM69, 152J1
_cTEXL
_2CC
999 _c352234
_d352234